• 首页
  • 本馆介绍
  • 公告通知
  • 最新文献
  • 馆藏检索
  • 电子资源
  • 读者导购
  • 参考咨询
  • 我的图书馆
  • 登录
  • 详细信息显示
  • 放入我的书架
  • 预约/预借图书
  • 作者相关作品
  • 分类相关作品
  • 丛书相关作品
  • 出版社相关作品

书目信息

  • 表格格式
  • 工作单格式
  • 卡片格式
题名:
沼气技术手册
    
 
作者: 邱凌 , 董保成 , 李景明 主编
分册:   户用沼气篇
出版信息: 北京   中国农业出版社  2014
页数: 285页
开本: 21cm
丛书名:
单 册:
中图分类: S216.4
科图分类:
主题词: 甲烷--技术手册
电子资源:
ISBN: 978-7-109-19979-8
000 00924nam0 2200253 450
001 012015000065
005 20151130093633.14
010    @a978-7-109-19979-8@dCNY25.00
100    @a20150712d2014 em y0chiy50 ea
101 0  @achi
102    @aCN@b110000
105    @aa z 000yy
106    @ar
200 1  @a沼气技术手册@Azhao qi ji shu shou ce@i户用沼气篇@f邱凌,董保成,李景明主编
210    @a北京@c中国农业出版社@d2014
215    @a285页@c图@d21cm
330    @a本书主要系统介绍户用沼气的发展及历程、沼气的基本特性、户用沼气的规划设计、户用沼气系统运行、户用沼气综合利用、发酵残余物的综合利用等基础数据,主要为从事户用沼气建设和研究的工程技术人员提供基础参考数据。
606 0  @a甲烷@j技术手册
690    @aS216.4@v5
701  0 @a邱凌@Aqiu ling@4主编
701  0 @a董保成@Adong bao cheng@4主编
701  0 @a李景明@Ali jing ming@c(科技)@4主编
801  0 @aCN@b碧洲教育@c20151127
905    @a10447@f4@dS216.4@e49
    
    沼气技术手册.户用沼气篇/邱凌,董保成,李景明主编.-北京:中国农业出版社,2014
    285页:图;21cm
    
    
    ISBN 978-7-109-19979-8:CNY25.00
    本书主要系统介绍户用沼气的发展及历程、沼气的基本特性、户用沼气的规划设计、户用沼气系统运行、户用沼气综合利用、发酵残余物的综合利用等基础数据,主要为从事户用沼气建设和研究的工程技术人员提供基础参考数据。
●
相关链接 在E读中查询图书 在五车中查询图书 在当当中查询图书 在豆瓣中查询图书


正题名:沼气技术手册     索取号:S216.4/49         预约/预借

序号 登录号 条形码 馆藏地/架位号 状态 备注
1 0871782   208717824   第二样本阅览室/ [索取号:S216.4/49] 在馆    
2 0871783   208717833   第三借阅区/ [索取号:S216.4/49] 在馆    
3 0871784   208717842   第三借阅区/ [索取号:S216.4/49] 在馆    
4 0871785   208717851   第三借阅区/ [索取号:S216.4/49] 在馆    
唐山师范学院图书馆 欢迎您!
大连网信软件有限公司© 版权所有